[Event "Quebec op"]
[Site "Montreal"]
[Date "1987.08.01"]
[Round "7"]
[White "Gagnon, Serge"]
[Black "Blanchard, Sylvain"]
[Result "1-0"]
[WhiteElo "1798"]
[BlackElo "1494"]
[PlyCount "53"]
[EventDate "1987.07.26"]
[EventType "swiss"]
[EventRounds "8"]
[EventCountry "CAN"]
[SourceTitle "EXT 2022"]
[Source "ChessBase"]
[SourceDate "2021.10.06"]
[SourceVersion "1"]
[SourceVersionDate "2021.10.06"]
[SourceQuality "1"]

1. d4 Nf6 2. c4 d5 3. Nc3 e6 4. Bg5 c5 5. cxd5 cxd4 6. Qxd4 Nc6 7. Qd2 exd5 8. Bxf6 Qxf6 9. Nxd5 Qd8 10. e4 Be6 11. Ne2 Bxd5 12. exd5 Bb4 13. Nc3 Qe7+ 14. Qe3 Nd4 15. 0-0-0 Qxe3+ 16. fxe3 Nf5 17. Bb5+ Ke7 18. e4 Nd6 19. e5 Nxb5 20. Nxb5 f6 21. d6+ Kd7 22. e6+ Kxe6 23. Nc7+ Kd7 24. Nxa8 Bxd6 25. Rd4 Kc6 26. Rhd1 Be7 27. Rd7 1-0